Essais sur l'impôt / (Record no. 143083)

MARC details
000 -LEADER
campo de control de longitud fija 01348nam a2200217 4500
001 - NÚMERO DE CONTROL
campo de control 143083
003 - IDENTIFICADOR DE NÚMERO DE CONTROL
campo de control ES-MaACL
005 - FECHA Y HORA DE LA ÚLTIMA TRANSACCIÓN
campo de control 20230906200721.0
007 - CAMPO FIJO DE DESCRIPCIÓN FÍSICA--INFORMACIÓN GENERAL
campo de control de longitud fija t|
008 - DATOS DE LONGITUD FIJA--INFORMACIÓN GENERAL
campo de control de longitud fija 070214s1914 fr r ||||1| fre d
100 1# - ENTRADA PRINCIPAL--NOMBRE DE PERSONA
Nombre de persona Seligman, Edwin Robert Anderson (
Fechas asociadas al nombre 1861-1939)
9 (RLIN) 105306
245 10 - MENCIÓN DEL TÍTULO
Título Essais sur l'impôt /
Mención de responsabilidad, etc. par Edwin R. A. Seligman ; traduction française, d'après la 8e édition américaine, par Louis Suret.
260 ## - PUBLICACIÓN, DISTRIBUCIÓN, ETC.
Lugar de publicación, distribución, etc. Paris :
Nombre del editor, distribuidor, etc. [s. n.],
Fecha de publicación, distribución, etc. 1914 (
Lugar de fabricación/manufactura Saint-Amand :
Fabricante Imp. Bussière)
300 ## - DESCRIPCIÓN FÍSICA
Extensión 2 v. ;
Dimensiones 23 x 14 cm.
490 1# - MENCIÓN DE SERIE
Mención de serie Bibliothèque internationale de science et de législation financières
500 ## - NOTA GENERAL
Nota general Contiene: I . Évolution de l'impôt. L'impôt général sur la propriété. L'impôt unique. La double imposition. L'impôt sur les successions. L'imposition des sociétés ------ II . Problèmes fiscaux contemporains. Évolution de l'impôt. Revenus d'État et revenus locaux. Finances d'état et finances fédérales. Précision dans les impositions. Classification des revenus publics. Betterment tax? Réformes récentes. Ouvrages récents. Rapports américains sur l'impôt. L'impôt fédéral sur le revenu de 1913.
700 1# - ENTRADA AGREGADA--NOMBRE PERSONAL
Nombre de persona Suret, Louis.
9 (RLIN) 108826
830 0# - PUNTO DE ACCESO ADICIONAL DE SERIE-TÍTULO UNIFORME
Título uniforme Bibliothèque internationale de science et de législation financières
9 (RLIN) 187265
852 ## - LOCALIZACIÓN
Ubicación ES-MaACL
Número de control de estantería D-4073-74
Holdings
Estatus retirado Estado de pérdida Estado de daño No para préstamo Biblioteca de origen Biblioteca actual Ubicación en estantería Fecha de adquisición Fuente de adquisición Total de préstamos Signatura topográfica completa Código de barras Visto por última vez Precio de reemplazo Tipo de ítem Koha
        Biblioteca del Ateneo de Madrid Biblioteca del Ateneo de Madrid Sala Valle Inclán 17/01/2008     D-4073-74 901148869 23/02/2023 23/02/2023 Libro impreso